000 03558nam a2200349 i 4500
001 000012889
003 DO-SdBNP
005 20260304094324.0
007 ta
008 091118s1987 dr a 000 j spa d
040 _aDO-SdBNP
_bspa
_cBNPHU
_erda
041 _aspa
082 4 _aRD863.4409
_bP379n 1987
_222
100 1 _aPeix, Pedro
_d1952-2015
_eautor
_4aut.
_925675
245 1 3 _aLa narrativa yugulada /
_cPedro Peix.
250 _aSegunda edición
264 4 _aSanto Domingo :
_bEdiciones de Taller,
_c©1987.
300 _a657 páginas :
_bilustraciones ;
_c23 cm.
336 _atexto
_btxt
_2rdacontent
337 _asin mediación
_bn
_2rdamedia
338 _avolumen
_bnc
_2rdacarrier
490 1 _aBiblioteca Taller
_v249
505 0 _aLa narrativa dominicana y el "Nouveau Roman"--
_tLa muchacha de La Guaira ;
_tLa mujer ;
_tEn un bohío /
_rJuan Bosch --
_tMujeres ;
_tEn busca del enganche /
_rRamón Marrero Aristy --
_tChito ;
_tFloreo /
_rJosé Rijo --
_tLa cuenta del malo /
_rFreddy Prestol Castillo --
_tCielo negro ;
_tUn hombre de la calle ;
_rNéstor Caro --
_tLos aldeanos vienen cantando ;
_t¡Dígame usted! ;
_tEste muerto no tiene credenciales /
_rÁngel Hernández Acosta --
_tPero él era así /
_rÁngel Rafael Lamarche --
_tLa ventana ;
_tEl cumpleaños de Vitalina /
_rHilma Contreras --
_tLa bruja ;
_tUna carta equivocada /
_rRamón Lacay Polanco --
_tLa mutación ;
_tBiografía de un suicida ;
_tPesadilla ;
_tFalso embarazo ;
_tVecindad /
_rVirgilio Díaz Grullón --
_tLos pasos venían detrás ;
_tMil camisas ;
_tLa hoja en el viento ;
_tCuriosidad ;
_tMarylin /
_rSanz Lajara --
_tEl coronel Buenrostro ;
_tLa fortaleza /
_rMarcio Veloz Maggiolo --
_tLa moneda gastada ;
_tEn llegando /
_rRamón Francisco --
_tEl monje alquimista ;
_tLa rebelión /
_rCarlos Esteban Deive --
_tHotel cosmo ;
_tLa escalera ;
_rAntonio Lockward --
_tRemuriendo ;
_tSiglo XX /
_rIván García --
_tAhora que vuelvo, Ton ;
_tLa oportunidad ;
_tLo noche se pone grande, muy grande /
_rRené del Risco Bermúdez --
_tLa boca ;
_tDelicatessen ;
_tLos trajes blancos han vuelto /
_rMiguel Alfonseca --
_tTríada ;
_tEl gato /
_rArmando Almánzar Rodríguez --
_tAquí no hay mucho que decir ;
_tEn la sala de espera /
_rAbel Fernández Mejía --
505 0 _aConsígueme, La náuse, Matilde ;
_tInti Huaman o Eva, Again /
_rEfraim Castillo --
_t¡No ombe no, que va! ;
_tLa sabana /
_rRubén Echavarría --
_tEl enigma ;
_tAntipolux /
_rDiógenes Váldez --
_tPunto de enlace ;
_tLa última llamada /
_rArturo Rodríguez Fernández --
_tTercer y último encuentro con el hombre del sombrero gris /
_rRoberto Marcallé Abreu --
_tLa forza del destino ;
_tCon papá en casa de Madame Sophie /
_rJosé Alcántara Almánzar --
_tResponso para un cadáver sin flores ;
_tLos hitos ;
_tLos poetas cuentistas /
_rPedro Peix --
_tEl centavo ;
_tEl gusano ;
_tEl jefe ;
_rManuel de Cabral --
_tLa última aventura de Charlot ;
_tDeleite (Historia de un caballo) /
_rTomás Hernández Franco --
_tEl potro gris /
_rPedro Mir (1913-) --
_tFlor de los sepulcros ;
_tEpicentro de la bruma /
_rEnriquillo Sánchez (1947-) --
_gApéndice --
_tApuntes sobre escribir cuentos /
_rJuan Bosch --
_tDel cuento breve y sus alrededores /
_rJulio Cortázar --
_tLa filosofía de la composición /
_rEdgar A. Poe --
_tResumen
590 _aInventariado, 2020/VM
650 4 _aCuentos dominicanos
_xHistoria y crítica
_910852
650 4 _aAutores dominicanos
_xCrítica e interpretación
_9158
650 4 _aCuentos dominicanos
_xColecciones
_9503
650 4 _aLiteratura dominicana.
_967
910 _aValidado. Control de calidad MMOLINA
942 _2ddc
_cLBS1
999 _c12537
_d12537